Catálogo
 En Linea

La ley y el delito : (Registro nro. 12618)

Detalles MARC
000 -CABECERA
campo de control de longitud fija 00649cam a2200205 a 4500
001 - NÚMERO DE CONTROL
campo de control 000012971
005 - FECHA Y HORA DE LA ÚLTIMA TRANSACCIÓN
campo de control 20200929163118.0
008 - DATOS DE LONGITUD FIJA--INFORMACIÓN GENERAL
campo de control de longitud fija 830115s1945 ve 000 0 spa d
040 ## - FUENTE DE LA CATALOGACIÓN
Centro catalogador/agencia de origen DO-SdBNP
Centro/agencia transcriptor CU-L
Centro/agencia modificador DLC
-- BNPHU
042 ## - CÓDIGO DE AUTENTICACIÓN
Código de autenticación premarc
043 ## - CÓDIGO DE ÁREA GEOGRÁFICA
Código de área geográfica s-ve
049 ## - FONDOS LOCALES (OCLC)
Fondos de biblioteca BNGR
100 1# - ENTRADA PRINCIPAL--NOMBRE DE PERSONA
Nombre de persona Jiménez de Asúa, Luis,
Fechas asociadas al nombre 1889-1970.
9 (RLIN) 29910
245 13 - MENCIÓN DE TÍTULO
Título La ley y el delito :
Resto del título curso de dogmática penal /
Mención de responsabilidad, etc. Luis Jiménez de Asúa.
260 ## - PUBLICACIÓN, DISTRIBUCIÓN, ETC.
Lugar de publicación, distribución, etc. Caracas :
Nombre del editor, distribuidor, etc. Andrés Bello,
Fecha de publicación, distribución, etc. 1945.
300 ## - DESCRIPCIÓN FÍSICA
Extensión 717 p. ;
Dimensiones 23 cm.
650 #0 - PUNTO DE ACCESO ADICIONAL DE MATERIA--TÉRMINO DE MATERIA
Término de materia o nombre geográfico como elemento de entrada Criminal law.
9 (RLIN) 29911
600 20 - PUNTO DE ACCESO ADICIONAL DE MATERIA--NOMBRE DE PERSONA
Nombre de persona Jimenez de Asua, Luis,
Fechas asociadas al nombre 1889-1970
Subdivisión de forma Bibliography.
9 (RLIN) 29912
910 ## - DATOS DE OPCIÓN DEL USUARIO (OCLC)
Datos de opción del usuario Catalogación derivada
Existencias
Estado de retiro Estado de pérdida Restricciones de uso No para préstamo Código de colección Localización permanente Ubicación/localización actual Ubicación en estantería Fecha de adquisición Número de inventario Total de préstamos Signatura topográfica completa Código de barras Fecha visto por última vez Número de copia Precio válido a partir de Tipo de ítem Koha
    Préstamo restringido Préstamo restrigido Monografías: Libros y Folletos General General En catalogación 18.11.2009 LF1   12971-10 25.06.2020 e. 1 25.06.2020 Préstamo interno

Con tecnología Koha